000 00418nam a2200157Ia 4500
008 230711s9999||||xx |||||||||||||| ||und||
020 _a978-93-5124-280-2
041 _aENG
082 _a631.521
_bSH-S
100 _aSharangi, A.B.
245 0 _aSeed Production of Selected Horticultural Crops
260 _c2014
_aNew Delhi
_bAstral International Pvt. Ltd.
300 _a187p.
650 _aAgriculture
942 _cBK
999 _c7610
_d7610